| 000 | 01057nas a2200265Ia 4500 | ||
|---|---|---|---|
| 001 | R022/43029 | ||
| 003 | IT-RoPAU | ||
| 008 | 151124c99999999xx |||||||||||| ||und|| | ||
| 040 | _aIT-RoPAU | ||
| 040 | _cIT-RoPAU | ||
| 041 | _aITALIANO | ||
| 100 |
_aAA.VV. _gCodice Aut. SPICS: 12000 |
||
| 210 | _aINFORMAZIONI MCS | ||
| 222 | _aInformazioni Mcs | ||
| 245 |
_aINFORMAZIONI MCS, ANNO 21-N.02 (FEBBRAIO 1978) _bInformazioni Mcs, Anno 21-N.02 (Febbraio 1978) |
||
| 250 | _a1a ed. | ||
| 260 |
_aVICENZA _bINFORMAZIONI MCS _c1978 |
||
| 501 |
_bPaulus - SPICS - Società San Paolo EM (non-commercial uses only) _cCopyright2015 |
||
| 300 | _a32 p. | ||
| 310 | _aMENSILE | ||
| 362 | _aANNO 021, N.02 (FEBBRAIO 1978) | ||
| 500 | _aIntervista a Valeria Sandri su Comunicazione Sociale, Promozione Umana e Cultura a Cura di Luigi Rigodanza. Schede Critiche dei Film: Abissi, un Altro Uomo Un'Altra Donna, Rollecoaster: il Grande Brivido, California, L'Isoladel Dottor Moreau, Kolossal (I | ||
| 650 |
_aCINEMA _vPUBBLICAZIONE PERIODICA |
||
| 942 | _cCR | ||
| 999 |
_c143878 _d143878 |
||